Mixed tenure twenty years on (Record no. 104654)

MARC details
000 -LEADER
fixed length control field 01570cam a2200253 4500
001 - CONTROL NUMBER
control field ##L131159
008 - FIXED-LENGTH DATA ELEMENTS--GENERAL INFORMATION
fixed length control field 110922n2005 000 0 eng u
020 ## - INTERNATIONAL STANDARD BOOK NUMBER
International Standard Book Number 190501807X
035 ## - SYSTEM CONTROL NUMBER
System control number (Sirsi) u131159
041 0# - LANGUAGE CODE
Language code of text/sound track or separate title eng
050 04 - LIBRARY OF CONGRESS CALL NUMBER
Classification number 306.11 $2 18
100 1# - MAIN ENTRY--PERSONAL NAME
Personal name Allen, Chris
245 00 - TITLE STATEMENT
Title Mixed tenure twenty years on
Remainder of title nothing out of the ordinary
260 ## - PUBLICATION, DISTRIBUTION, ETC.
Place of publication, distribution, etc. Coventry
Name of publisher, distributor, etc. Chartered Institute of Housing/Joseph Rowntree Foundation
Date of publication, distribution, etc. 2005
520 ## - SUMMARY, ETC.
Summary, etc. This is the first study published on long-established estates designed with tenure mix in mind. The research looks at three mixed-use estates 20 years on. It analyses the nature and extent of household relationships in these mixed communities, seeks to understand the significance of the planned environment in facilitating such relationships and studies the experiences of children living in these areas. It finds that residents of all tenures on these estates expressed satisfaction that mixed tenure had produced ordinary and civilised communities. The researchers suggest that appropriate planning and household policies should be used to produce a genuine tenure mix in popular areas.
590 ## - LOCAL NOTE (RLIN)
Local note IKA111005
690 ## - LOCAL SUBJECT ADDED ENTRY--TOPICAL TERM (OCLC, RLIN)
Topical term or geographic name as entry element PROPERTY-RESIDENTIAL PROPERTY-DOMESTIC RESIDENTIAL PROPERTY-HOUSING-HOUSES-MIXED HOUSING DEVELOPMENTS-HOUSING ON HOUSING ESTATES
700 1# - ADDED ENTRY--PERSONAL NAME
Personal name Camina, Margaret
700 1# - ADDED ENTRY--PERSONAL NAME
Personal name Casey, Rionach
700 1# - ADDED ENTRY--PERSONAL NAME
Personal name Coward, Sarah
700 1# - ADDED ENTRY--PERSONAL NAME
Personal name Wood, Martin
856 40 - ELECTRONIC LOCATION AND ACCESS
Uniform Resource Identifier <a href="https://www.jrf.org.uk/sites/files/jrf/190501807x.pdf">https://www.jrf.org.uk/sites/files/jrf/190501807x.pdf</a>
Public note View the study free of charge at www.jrf.org.uk
942 ## - ADDED ENTRY ELEMENTS (KOHA)
Suppress in OPAC 0
Holdings
Withdrawn status Lost status Source of classification or shelving scheme Damaged status Not for loan Home library Current library Shelving location Date acquired Total Checkouts Full call number Barcode Date last seen Copy number Price effective from Koha item type
    Dewey Decimal Classification     Virtual Virtual Online 04/10/2005   ONLINE PUBLICATION 131159-2001 06/08/2019 1 06/08/2019 Book